Pension reform in the Baltics issues and prospects

Enregistré dans:
Détails bibliographiques
Format: Livre
Langue:anglais
Publié: Washington, D.C. IMF 2000
Collection:Occasional paper 200
Sujets:
Tags: Ajouter un tag
Pas de tags, Soyez le premier à ajouter un tag!

MARC

LEADER 00000nam$a2200000$$$4500
001 0010921
005 20240111124947.6
020 |a 1-55775-968-5 
041 0 |a eng 
044 |a US 
245 1 0 |a Pension reform in the Baltics  |b issues and prospects 
264 1 |a Washington, D.C.  |b IMF  |c 2000 
300 |a v, 41 s. 
490 1 |a Occasional paper  |v 200 
830 0 |a Occasional paper  |v 200 
610 2 0 |a reformy dôchodkové 
610 2 0 |a Estónsko 
610 2 0 |a Lotyšsko 
610 2 0 |a Litva 
610 2 0 |a politika sociálna 
610 2 0 |a systémy dôchodkové 
610 2 0 |a reformy sociálne 
610 2 0 |a dôchodcovia 
610 2 0 |a zabezpečenie dôchodkové